00314nam a2200109Ia 4500008004000000020001800040082001300058100002200071245006900093260003000162300001200192210210b1975 xxu||||| |||| 00| 0 eng d a0 679 30283 2 a301 WARC aWARSHAY (Leon H). aCurrent state of sociological theory: a critical interpretation. aNYbDavid Mckay Co.c1975 axxi,264